| 000 | 00584nam a22002297a 4500 | ||
|---|---|---|---|
| 003 | UA-OsUOA | ||
| 001 | 42136 | ||
| 007 | ta | ||
| 008 | 20061026b un ||||| |||| 00| 0 ukr d | ||
| 090 |
_a34 _bП68 |
||
| 942 | _cBK | ||
| 040 |
_aUA-OsUOA _bukr _cUA-OsUOA _dUA-OsUOA |
||
| 245 |
_aПравознавство _bНавчально-методичний посібник |
||
| 300 | _a115 с. | ||
| 955 | _a2 | ||
| 041 | _aukr | ||
| 080 | _a34 | ||
| 260 |
_aОстрог _c2005 |
||
| 246 | 3 | 1 |
_aЧ.1 _n |
| 650 | 7 |
_a34 Право. Юриспруденція _2UDC |
|
| 999 |
_c328265 _d328265 |
||